00951nam a2200277 i 450000100060000000300090000600500170001500700030003200800410003502000180007604000220009408000130011608000120012910000230014124501460016426000470031030000490035749000330040650400410043965000250048065000340050565000440053970000240058383000330060785200330064066531ES-MaACL20250822030933.0t|030217s2002 sp ||||0| spa d a84-493-1325-2 aM-BN bspa cM-BN a599.8-15 a159.9291 aWaal, F. B. M. de.13aEl simio y el aprendiz de sushi b: reflexiones de un primatólogo sobre la cultura / cFrans de Waal ; [traducción de Patricia Teixidor]. aBarcelona : bPaidós Ibérica, c[2002] a335 p., [16] h. de lám. : bil. ; c24 cm.1 aPaidós transiciones ; v42 aBibliografía p. [301]-316. Indice.14aPrimates-xConducta.17aPsicología comparada2embne 7aAntropología cultural y social2embne1 aTeixidor, Patricia.0 aPaidós transiciones ; v42 aES-MaACLjL-27016 bR.132727